| 000 | 00699nam a22001937a 4500 | ||
|---|---|---|---|
| 005 | 20140314144407.0 | ||
| 010 | _aENG-109465 | ||
| 020 | _c100.00 | ||
| 035 | _aEN-92998 | ||
| 037 | _bDBAD/PUB | ||
| 082 | _a581 | ||
| 100 | _aRagland, Annie | ||
| 245 | 0 | 0 |
_aPlant diversity : _cby Annie Ragland [and] V. Kumaresan _balgae,fungi,lichens,bryophyta,pteridophyta,gymnosperms,herberium techinques, taxonomy,medicinal botany & embryology / |
| 260 |
_aNagercoil _bSaras Publication _c2013 |
||
| 270 |
_a114/35G, A.R.P. Camp Road, Periavilai, Kottar, Nagercoil _bKanyakumari _e629002 |
||
| 300 |
_aV.1(xiii,202p.) _c22cm(pbk) |
||
| 700 | _aKumaresan, V. | ||
| 942 |
_2ddc _cEN _mRAG _h581 |
||
| 999 |
_c82747 _d82747 |
||